000 00433nam a2200181Ia 4500
001 14627
005 20260306164928.0
008 260306t2016||||xx |||||||||||||| ||spa||
041 _aESP
082 _a515.35
_bR18
100 _aRainville, Earl D.
_eAUT
245 0 _aEcuaciones diferenciales elementales
260 _c2016
300 _a556 páginas :
_c23 cm.
650 _aGEN
654 _aCMA
942 _cLIB
_dJUS
_fJUS
_2ddc
_n
999 _c14627
_d14627